| 000 | 00635nam a2200229 a 4500 | ||
|---|---|---|---|
| 001 | BRL_1506 | ||
| 005 | 20190320211234.0 | ||
| 008 | 100214s1973----mx-#######---#000-0#spa-# | ||
| 041 | _aspa | ||
| 044 | _amx | ||
| 050 | 4 |
_aHD9884.M4 _b.K47 1973 |
|
| 100 | 1 |
_aKeremitsis, Dawn _927123 |
|
| 245 | 1 | 0 |
_aLa industria textil mexicana en el siglo XIX _cDawn Keremitsis. |
| 260 |
_aMéxico _bSEP _c1973 |
||
| 300 |
_a247 p. _c17 cm. |
||
| 440 | 0 |
_aSepsetentas _v67 _922717 |
|
| 500 | _aAu1652 | ||
| 650 | 1 | 4 |
_aAlgodón _xComercio - Historia _zMéxico _926486 |
| 650 | 1 | 4 |
_aIndustria textil _zMéxico _927124 |
| 902 | _aGRL | ||
| 942 |
_2lcc _cB |
||
| 999 |
_c10316 _d10316 |
||